00196nam a22000857a 4500082000800000100003200008245004000040260002200080300000800102 aROL aRolando M A Roque Maltherbe aThe physicaly chemistry of material aLondonbCRCc2010 a500